[Event "Belgrade-chT"]
[Site "Belgrade"]
[Date "2014.09.20"]
[Round "1.3"]
[White "Sarenac, David"]
[Black "Stevanovic, Vladan M"]
[Result "0-1"]
[WhiteElo "2286"]
[BlackElo "2275"]
[PlyCount "32"]
[EventDate "2014.09.20"]
[EventType "team-tourn"]
[EventRounds "11"]
[EventCountry "SRB"]
[SourceTitle "CBM 162 Extra"]
[Source "ChessBase"]
[SourceDate "2014.10.17"]
[SourceVersion "1"]
[SourceVersionDate "2014.10.17"]
[SourceQuality "1"]
[WhiteTeam "Delfin"]
[BlackTeam "Belgrade PTT"]
[WhiteTeamCountry "SRB"]
[BlackTeamCountry "SRB"]

1. e4 e6 2. d4 d5 3. Nc3 Bb4 4. exd5 exd5 5. Bd3 c6 6. Nge2 Ne7 7. Ng3 Nd7 8. 0-0 0-0 9. Qf3 Nf6 10. h3 Ng6 11. Bg5 Be7 12. Rae1 h6 13. Bc1 Nh4 14. Qf4 Ng6 15. Qe3 Be6 16. f4 Qb6 0-1

[Event "SRB-Cup"]
[Site "Valjevo"]
[Date "2011.05.16"]
[Round "1.2"]
[White "Stevanovic, Vladan M"]
[Black "Pikula, Dejan"]
[Result "1-0"]
[WhiteElo "2287"]
[BlackElo "2531"]
[PlyCount "91"]
[EventDate "2011.05.16"]
[EventType "team-swiss"]
[EventRounds "7"]
[EventCountry "YUG"]
[SourceTitle "CBM 142 Extra"]
[Source "ChessBase"]
[SourceDate "2011.06.27"]
[SourceVersion "1"]
[SourceVersionDate "2011.06.27"]
[SourceQuality "1"]
[WhiteTeam "Novi Sad PTT"]
[BlackTeam "Kragujevac Vodovod"]
[WhiteTeamCountry "SRB"]
[BlackTeamCountry "SRB"]

1. Nf3 Nf6 2. b3 d5 3. Bb2 Bf5 4. g3 e6 5. Bg2 Be7 6. 0-0 0-0 7. d3 h6 8. Nbd2 a5 9. a3 Bh7 10. Ne5 c6 11. e3 Nbd7 12. Nxd7 Nxd7 13. e4 b5 14. f4 Nb6 15. Qg4 Bf6 16. e5 Be7 17. Qf3 c5 18. g4 f5 19. exf6 Bxf6 20. Bxf6 Qxf6 21. Qe3 d4 22. Qg3 Ra7 23. g5 Qf7 24. gxh6 Qh5 25. Qg5 Qxg5 26. fxg5 gxh6 27. Rxf8+ Kxf8 28. gxh6 Bf5 29. Be4 Rf7 30. Bxf5 exf5 31. Re1 Rf6 32. h7 Kg7 33. Re7+ Kh8 34. Nf3 Rg6+ 35. Kh1 Nd5 36. Re5 Ne3 37. Rxc5 Rg4 38. h3 Rg3 39. Nxd4 Rxh3+ 40. Kg1 Rg3+ 41. Kf2 f4 42. Rxb5 a4 43. bxa4 Ng4+ 44. Ke2 Re3+ 45. Kd2 f3 46. Rf5 1-0

[Event "Belgrade-ch"]
[Site "Belgrade"]
[Date "2010.01.27"]
[Round "5"]
[White "Nenezic, Marko"]
[Black "Stevanovic, Vladan M"]
[Result "1/2-1/2"]
[WhiteElo "2099"]
[BlackElo "2306"]
[PlyCount "54"]
[EventDate "2010.01.23"]
[EventType "swiss"]
[EventRounds "9"]
[EventCountry "YUG"]
[SourceTitle "CBM 134 Extra"]
[Source "ChessBase"]
[SourceDate "2010.03.03"]
[SourceVersion "1"]
[SourceVersionDate "2010.03.03"]
[SourceQuality "1"]

1. Nf3 d5 2. d4 Nf6 3. c4 e6 4. Nc3 c6 5. e3 Be7 6. Qc2 Nbd7 7. b3 0-0 8. Be2 b6 9. 0-0 Bb7 10. Bb2 c5 11. cxd5 exd5 12. Rac1 Rc8 13. Qb1 Bd6 14. Rfd1 Qe7 15. Bf1 Rfd8 16. g3 Bb8 17. Bg2 a6 18. dxc5 bxc5 19. Na4 Ne4 20. Qa1 Ndf6 21. Rc2 Ng4 22. Qc1 Ba7 23. Ba3 Rc7 24. h3 Ngf6 25. Ne1 Rdc8 26. Nd3 Nd7 27. Nf4 Qe5 1/2-1/2

[Event "Belgrade-ch"]
[Site "Belgrade"]
[Date "2010.01.26"]
[Round "4"]
[White "Stevanovic, Vladan M"]
[Black "Milin, Dragan"]
[Result "1-0"]
[WhiteElo "2306"]
[BlackElo "2108"]
[PlyCount "63"]
[EventDate "2010.01.23"]
[EventType "swiss"]
[EventRounds "9"]
[EventCountry "YUG"]
[SourceTitle "CBM 134 Extra"]
[Source "ChessBase"]
[SourceDate "2010.03.03"]
[SourceVersion "1"]
[SourceVersionDate "2010.03.03"]
[SourceQuality "1"]

1. d4 d5 2. Nf3 c6 3. c4 dxc4 4. a4 b5 5. Nc3 b4 6. Na2 a5 7. e4 Ba6 8. Ne5 Nf6 9. f3 e6 10. Bxc4 Bxc4 11. Nxc4 Nxe4 12. fxe4 Qh4+ 13. Kf1 Qxe4 14. Be3 Nd7 15. Nc1 Rd8 16. Qd3 Qd5 17. Ne2 g5 18. Rd1 Be7 19. Kf2 Nc5 20. Qc2 b3 21. Qc1 Ne4+ 22. Kg1 f5 23. Nb6 Qd6 24. Nc3 Nf6 25. Nc4 Qc7 26. Bxg5 Rg8 27. Bxf6 Bxf6 28. Qe3 Ke7 29. Kf2 f4 30. Qe4 Rg7 31. Rhe1 Qc8 32. Nb6 1-0

[Event "Belgrade-ch"]
[Site "Belgrade"]
[Date "2010.01.25"]
[Round "3"]
[White "Indjic, Aleksandar"]
[Black "Stevanovic, Vladan M"]
[Result "1/2-1/2"]
[WhiteElo "2133"]
[BlackElo "2306"]
[PlyCount "100"]
[EventDate "2010.01.23"]
[EventType "swiss"]
[EventRounds "9"]
[EventCountry "YUG"]
[SourceTitle "CBM 134 Extra"]
[Source "ChessBase"]
[SourceDate "2010.03.03"]
[SourceVersion "1"]
[SourceVersionDate "2010.03.03"]
[SourceQuality "1"]

1. d4 e6 2. Nf3 Nf6 3. Bg5 d5 4. Nbd2 Be7 5. e3 c5 6. c3 Nc6 7. Bd3 0-0 8. 0-0 b6 9. Ne5 Nxe5 10. dxe5 Nd7 11. Bxe7 Qxe7 12. f4 Bb7 13. Qh5 g6 14. Qh6 f5 15. exf6 Nxf6 16. Qg5 Rf7 17. Nf3 Nd7 18. Qg3 a6 19. Rae1 c4 20. Bc2 Nc5 21. Ne5 Rg7 22. Qg5 Nd7 23. Nxd7 Qxg5 24. fxg5 Rxd7 25. Rf6 Re8 26. Bd1 Rf7 27. Rxf7 Kxf7 28. Bg4 Ke7 29. Rf1 Bc8 30. h4 Rf8 31. Rxf8 Kxf8 32. Kf2 Ke7 33. e4 dxe4 34. Ke3 Kd6 35. Be2 b5 36. Bd1 Ke5 37. Bc2 Bb7 38. Bd1 a5 39. a3 Kd5 40. Bc2 Kc5 41. Bd1 b4 42. Bc2 bxa3 43. bxa3 e5 44. Ba4 Bc6 45. Bxc6 Kxc6 46. a4 Kd5 47. g4 Kd6 48. Kxe4 Ke6 49. Ke3 Kd5 50. Kf3 Kd6 1/2-1/2

[Event "Belgrade-ch"]
[Site "Belgrade"]
[Date "2009.02.01"]
[Round "9"]
[White "Stevanovic, Vladan M"]
[Black "Dimitrijevic, Radmilo"]
[Result "1-0"]
[WhiteElo "2297"]
[BlackElo "2218"]
[PlyCount "45"]
[EventDate "2009.01.24"]
[EventType "swiss"]
[EventRounds "9"]
[EventCountry "YUG"]
[SourceTitle "CBM 128 Extra"]
[Source "ChessBase"]
[SourceDate "2009.03.05"]
[SourceVersion "2"]
[SourceVersionDate "2009.03.25"]
[SourceQuality "1"]

1. d4 d5 2. Nf3 e6 3. Bf4 c5 4. e3 Nc6 5. c3 Nf6 6. Nbd2 Be7 7. h3 c4 8. g4 b5 9. g5 Nd7 10. h4 Nb6 11. Ne5 Bb7 12. Bh3 Nxe5 13. Bxe5 Bf8 14. Rg1 Qe7 15. Nf3 Bc6 16. h5 0-0-0 17. h6 Rg8 18. Qc2 Na4 19. Qxh7 b4 20. Qxg8 bxc3 21. bxc3 Qa3 22. Kf1 gxh6 23. Qxf7 1-0

[Event "Belgrade-ch"]
[Site "Belgrade"]
[Date "2009.01.28"]
[Round "5"]
[White "Stevanovic, Vladan M"]
[Black "Petrovic, Petar"]
[Result "1-0"]
[WhiteElo "2297"]
[BlackElo "2116"]
[PlyCount "87"]
[EventDate "2009.01.24"]
[EventType "swiss"]
[EventRounds "9"]
[EventCountry "YUG"]
[SourceTitle "CBM 128 Extra"]
[Source "ChessBase"]
[SourceDate "2009.03.05"]
[SourceVersion "2"]
[SourceVersionDate "2009.03.25"]
[SourceQuality "1"]

1. Nf3 Nf6 2. d4 e6 3. Bf4 b6 4. e3 Bb7 5. Nbd2 d6 6. Be2 Be7 7. h3 0-0 8. c3 Nbd7 9. Qc2 c5 10. 0-0 Rc8 11. a4 cxd4 12. exd4 h6 13. Bh2 a5 14. Rfe1 Qc7 15. Nf1 Be4 16. Qd1 Qb7 17. Ng3 Bd5 18. Bd3 Rfd8 19. Qe2 Qc7 20. Nd2 Bf8 21. f4 Re8 22. Ngf1 Bb7 23. Nf3 Bd5 24. N1d2 g6 25. g4 Bg7 26. Bg3 Nh7 27. Kh2 f5 28. c4 Bb7 29. d5 Nc5 30. Bh4 Bxb2 31. gxf5 Bxa1 32. fxe6 Qg7 33. Bxg6 Kh8 34. Bxe8 Rxe8 35. Rxa1 Qxa1 36. Bf2 Qg7 37. Bd4 Nf6 38. Nh4 Rg8 39. Nf5 Qg6 40. Qg4 Nxe6 41. dxe6 Kh7 42. Qxg6+ Rxg6 43. Nh4 Ng4+ 44. Kg3 1-0

[Event "Belgrade-ch"]
[Site "Belgrade"]
[Date "2009.01.27"]
[Round "4"]
[White "Popovic, Predrag V"]
[Black "Stevanovic, Vladan M"]
[Result "0-1"]
[WhiteElo "2135"]
[BlackElo "2297"]
[PlyCount "66"]
[EventDate "2009.01.24"]
[EventType "swiss"]
[EventRounds "9"]
[EventCountry "YUG"]
[SourceTitle "CBM 128 Extra"]
[Source "ChessBase"]
[SourceDate "2009.03.05"]
[SourceVersion "2"]
[SourceVersionDate "2009.03.25"]
[SourceQuality "1"]

1. d4 d5 2. Nf3 Nf6 3. e3 c5 4. Be2 Nc6 5. 0-0 e6 6. Nbd2 c4 7. c3 b5 8. e4 dxe4 9. Ng5 Bb7 10. Qc2 Qd5 11. Ngxe4 Nxe4 12. Nxe4 Nxd4 13. cxd4 Qxe4 14. Qxe4 Bxe4 15. a4 a6 16. b3 cxb3 17. axb5 a5 18. Bc4 Bc2 19. b6 Bb4 20. b7 Rb8 21. Ba6 Ke7 22. Bf4 b2 23. Rac1 bxc1Q 24. Rxc1 Ba4 25. Rc7+ Bd7 26. Bb5 Rhd8 27. Bxd7 Rxd7 28. Rxd7+ Kxd7 29. Bxb8 Kc6 30. Be5 Kxb7 31. d5 f6 32. Ba1 exd5 33. Kf1 Bd6 0-1

[Event "Belgrade Trophy 21st"]
[Site "Obrenovac"]
[Date "2008.12.02"]
[Round "6"]
[White "Zivkovic, Dejan"]
[Black "Stevanovic, Vladan M"]
[Result "1/2-1/2"]
[WhiteElo "2162"]
[BlackElo "2304"]
[PlyCount "85"]
[EventDate "2008.11.27"]
[EventType "swiss"]
[EventRounds "9"]
[EventCountry "YUG"]
[SourceTitle "CBM 127 Extra"]
[Source "ChessBase"]
[SourceDate "2009.01.08"]
[SourceVersion "2"]
[SourceVersionDate "2009.01.28"]
[SourceQuality "1"]

1. d4 d5 2. Nf3 Nf6 3. Bg5 e6 4. e3 c6 5. Bd3 Nbd7 6. 0-0 Be7 7. Nbd2 0-0 8. c3 Nh5 9. Bxe7 Qxe7 10. Ne5 g6 11. f4 f5 12. Ndf3 Nhf6 13. Nxd7 Nxd7 14. c4 b6 15. Qe2 Bb7 16. Rac1 a5 17. Rc2 h6 18. cxd5 exd5 19. Ne5 Nxe5 20. dxe5 c5 21. b3 a4 22. g4 axb3 23. axb3 Qh4 24. gxf5 gxf5 25. Qf3 Kh8 26. Rg2 Rf7 27. Qg3 Qxg3 28. hxg3 d4 29. Re2 Rg7 30. Kh2 dxe3 31. Bxf5 Ra3 32. Rd1 Rf7 33. Be6 Re7 34. f5 Kh7 35. Rxe3 Ra2+ 36. Kg1 h5 37. Bd5 Bxd5 38. Rxd5 h4 39. e6 Kg7 40. Rd7 Rxd7 41. exd7 Rd2 42. gxh4 Rxd7 43. Re6 1/2-1/2

[Event "SRB-chT Cup 50th"]
[Site "Mataruska Banja"]
[Date "2007.05.26"]
[Round "6"]
[White "Stevanovic, Vladan M"]
[Black "Novoselski, Zoran"]
[Result "1-0"]
[WhiteElo "2335"]
[BlackElo "2354"]
[PlyCount "45"]
[EventDate "2007.05.21"]
[EventType "team-tourn"]
[EventRounds "7"]
[EventCountry "YUG"]
[SourceTitle "CBM 118 Extra"]
[Source "ChessBase"]
[SourceDate "2007.07.04"]
[SourceVersion "1"]
[SourceVersionDate "2007.07.04"]
[SourceQuality "1"]

1. Nf3 e6 2. b3 f5 3. Bb2 Nf6 4. g3 b6 5. Bg2 Bb7 6. 0-0 Be7 7. d3 0-0 8. Nbd2 d6 9. e4 f4 10. Ng5 Bc8 11. gxf4 h6 12. Nh3 c6 13. e5 Ne8 14. Be4 d5 15. Bg6 Nc7 16. Kh1 c5 17. Rg1 Rf5 18. Bxf5 exf5 19. Qh5 Ne6 20. Rg6 Qf8 21. Qxh6 Qf7 22. Rag1 Nc6 23. Rxg7+ 1-0

[Event "SRB-chT Cup 50th"]
[Site "Mataruska Banja"]
[Date "2007.05.22"]
[Round "2"]
[White "Rajkovic, Ljubisa"]
[Black "Stevanovic, Vladan M"]
[Result "1/2-1/2"]
[WhiteElo "2196"]
[BlackElo "2335"]
[PlyCount "155"]
[EventDate "2007.05.21"]
[EventType "team-tourn"]
[EventRounds "7"]
[EventCountry "YUG"]
[SourceTitle "CBM 118 Extra"]
[Source "ChessBase"]
[SourceDate "2007.07.04"]
[SourceVersion "1"]
[SourceVersionDate "2007.07.04"]
[SourceQuality "1"]

1. Nf3 d5 2. d4 Nf6 3. c4 e6 4. Nc3 Be7 5. Bg5 0-0 6. e3 a6 7. Qb3 dxc4 8. Bxc4 b5 9. Be2 Nbd7 10. Rd1 c5 11. dxc5 Qa5 12. a3 Nxc5 13. Qc2 Na4 14. b4 Qc7 15. Rc1 Nxc3 16. Qxc3 Qxc3+ 17. Rxc3 Ne4 18. Bxe7 Nxc3 19. Bxf8 Kxf8 20. Bd3 a5 21. 0-0 axb4 22. axb4 Bd7 23. Rc1 Ra3 24. Bf1 f6 25. Nd4 e5 26. Nc2 Ra2 27. f3 Rb2 28. Ne1 Ne2+ 29. Bxe2 Rxe2 30. e4 Be6 31. Nc2 f5 32. exf5 Bxf5 33. Na3 Bd3 34. Rc5 e4 35. Rf5+ Ke7 36. fxe4 Bxe4 37. Rg5 Kf6 38. h4 h6 39. Rg4 Bc6 40. Rf4+ Ke5 41. Rg4 Ra2 42. Rg3 Kf4 43. Kh2 g5 44. hxg5 hxg5 45. Nb1 Rb2 46. Nc3 Rxb4 47. Nd1 Kf5 48. Ne3+ Kg6 49. Ng4 Re4 50. Nf2 Re5 51. Nd3 Rf5 52. Re3 Kf6 53. Kg3 Bd5 54. Nb4 Be6 55. Re2 Rf4 56. Rb2 Rc4 57. Kf2 Rc3 58. Na6 Rb3 59. Rxb3 Bxb3 60. Ke3 Bd5 61. g3 Kf5 62. Nb4 Bc4 63. Nc6 Ke6 64. Kd4 Kd6 65. Ne5 Be6 66. Nf3 g4 67. Ne5 Bf5 68. Nf7+ Kc6 69. Ne5+ Kb6 70. Kd5 Ka5 71. Kc5 Ka4 72. Nc6 Bd3 73. Kd4 Be2 74. Kc3 Ka3 75. Nb4 Bc4 76. Nc2+ Ka2 77. Kb4 Kb2 78. Ne3 1/2-1/2

[Event "SCG-chT"]
[Site "Petrovac"]
[Date "2004.05.19"]
[Round "4.1"]
[White "Stevanovic, Vladan M"]
[Black "Boskovic, Drasko"]
[Result "0-1"]
[WhiteElo "2376"]
[BlackElo "2420"]
[PlyCount "64"]
[EventDate "2004.05.16"]
[EventType "team"]
[EventRounds "7"]
[EventCountry "YUG"]
[SourceTitle "CBM 100 Extra"]
[Source "ChessBase"]
[SourceDate "2004.07.06"]
[SourceVersion "2"]
[SourceVersionDate "2004.07.06"]
[SourceQuality "1"]
[WhiteTeam "18"]
[BlackTeam "15"]
[WhiteTeamCountry "YUG"]
[BlackTeamCountry "YUG"]

1. Nf3 c5 2. c4 g6 3. Nc3 Bg7 4. b3 Nc6 5. Bb2 e5 6. d3 Nge7 7. g3 0-0 8. Bg2 d6 9. 0-0 h6 10. Ne1 Be6 11. Nd5 Rb8 12. Nc2 f5 13. f4 Qd7 14. Qd2 Kh7 15. b4 b5 16. a3 bxc4 17. dxc4 Nd4 18. Nxd4 exd4 19. Rae1 Nxd5 20. cxd5 Bg8 21. e3 Qa4 22. e4 fxe4 23. Bxe4 Rbe8 24. Qd3 Rxe4 25. Rxe4 Bxd5 26. Re7 Rf7 27. Rxf7 Bxf7 28. Qe4 Qb3 29. Qe7 Bd5 30. Qxd6 Qe3+ 31. Rf2 Qe1+ 32. Rf1 Qe4 0-1

[Event "Serbia-chT2"]
[Site "Belgrade"]
[Date "2003.10.04"]
[Round "8"]
[White "Stevanovic, Vladan M"]
[Black "Jelic, Goran"]
[Result "1-0"]
[WhiteElo "2358"]
[BlackElo "2229"]
[PlyCount "97"]
[EventDate "2003.09.27"]
[EventType "team"]
[EventRounds "9"]
[EventCountry "YUG"]
[SourceTitle "CBM 096 Extra"]
[Source "ChessBase"]
[SourceDate "2003.10.22"]
[SourceVersion "2"]
[SourceVersionDate "2003.10.20"]
[SourceQuality "1"]

1. c4 c5 2. b3 e5 3. Nc3 Nc6 4. g3 d6 5. Bg2 Nge7 6. e3 g6 7. Nge2 Bg7 8. 0-0 Bg4 9. h3 Be6 10. Bb2 d5 11. cxd5 Nxd5 12. Ne4 b6 13. f4 0-0 14. fxe5 Nxe5 15. Nf4 Nxf4 16. gxf4 Nf3+ 17. Qxf3 Bxb2 18. Rab1 Bg7 19. Ng5 Bf5 20. Qxa8 Qxa8 21. Bxa8 Bxb1 22. Rxb1 Rxa8 23. Kf2 Rd8 24. Ke2 Rd5 25. a4 h6 26. Nf3 f5 27. b4 Kf7 28. bxc5 Rxc5 29. Rb5 Ke6 30. Rxc5 bxc5 31. Kd3 Kd5 32. Nh4 c4+ 33. Kc2 a5 34. Nxg6 Bf6 35. Nf8 h5 36. Nh7 Bh8 37. Ng5 Bf6 38. d3 cxd3+ 39. Kxd3 Ba1 40. Nf3 Kc5 41. Nd4 Bxd4 42. exd4+ Kb4 43. h4 Kxa4 44. Kc4 Ka3 45. d5 a4 46. d6 Kb2 47. d7 a3 48. d8Q a2 49. Qd2+ 1-0

[Event "Serbia-chT2"]
[Site "Belgrade"]
[Date "2003.09.30"]
[Round "4"]
[White "Stevanovic, Vladan M"]
[Black "Arsovic, Zoran"]
[Result "1/2-1/2"]
[WhiteElo "2358"]
[BlackElo "2418"]
[PlyCount "106"]
[EventDate "2003.09.27"]
[EventType "team"]
[EventRounds "9"]
[EventCountry "YUG"]
[SourceTitle "CBM 096 Extra"]
[Source "ChessBase"]
[SourceDate "2003.10.22"]
[SourceVersion "2"]
[SourceVersionDate "2003.10.20"]
[SourceQuality "1"]

1. d4 Nf6 2. Nf3 g6 3. b3 Bg7 4. Bb2 0-0 5. Nbd2 c5 6. dxc5 Qa5 7. e3 Qxc5 8. c4 b6 9. Be2 Bb7 10. 0-0 d6 11. a3 Nbd7 12. b4 Qc7 13. Qb3 Rac8 14. Rac1 Qb8 15. Nd4 a6 16. Bf3 Bxf3 17. N2xf3 Qb7 18. Ne2 Rc7 19. Rc2 Rfc8 20. Rfc1 h6 21. h3 Ne4 22. Bxg7 Kxg7 23. Qd3 Nef6 24. Ng3 Qc6 25. Qb3 Ne4 26. Nd4 Qb7 27. Nge2 e5 28. Nf3 Ndf6 29. Qd3 Qc6 30. Nd2 Nxd2 31. Qxd2 Qd7 32. Qd3 Qf5 33. Qb3 Qe6 34. Qa4 a5 35. bxa5 bxa5 36. Qxa5 Rxc4 37. Rxc4 Rxc4 38. Rxc4 Qxc4 39. Ng3 d5 40. a4 Qc1+ 41. Nf1 Qc2 42. f3 e4 43. Qb4 exf3 44. gxf3 Qe2 45. Qf4 g5 46. Qh2 Qxf3 47. a5 Qe4 48. Qb2 Qa4 49. Ng3 Kg6 50. Qb1+ Ne4 51. Qb6+ f6 52. Nxe4 dxe4 53. a6 Qd1+ 1/2-1/2

[Event "Serbia-chT2"]
[Site "Belgrade"]
[Date "2003.09.28"]
[Round "2"]
[White "Stevanovic, Vladan M"]
[Black "Vukanovic, Sasa"]
[Result "1/2-1/2"]
[WhiteElo "2358"]
[BlackElo "2350"]
[PlyCount "30"]
[EventDate "2003.09.27"]
[EventType "team"]
[EventRounds "9"]
[EventCountry "YUG"]
[SourceTitle "CBM 096 Extra"]
[Source "ChessBase"]
[SourceDate "2003.10.22"]
[SourceVersion "2"]
[SourceVersionDate "2003.10.20"]
[SourceQuality "1"]

1. d4 Nf6 2. Nf3 g6 3. Bf4 Bg7 4. e3 c5 5. Nbd2 b6 6. c3 Bb7 7. Bd3 d6 8. h3 0-0 9. 0-0 Nc6 10. Qe2 cxd4 11. exd4 Re8 12. Bg5 a6 13. Rad1 Qc7 14. Ne4 Nxe4 15. Bxe4 e6 1/2-1/2